000 00443nam a2200157 a 4500
001 60795
005 20180714062205.0
008 140415s1983 xxu 000 0 eng d
041 _aeng
082 _a246.4
_bCHA
245 0 0 _aCHAGAL :
_bIN JERUSALEM
250 _a1a ed.
260 _aESTADOS UNIDOS DE AMERICA :
_bLEON AMIEL PUBLISHER,
_c1983
300 _a191
650 1 4 _aARTE CRISTIANO
_xARTE Y RELIGION
_xARTE
_xJERUSALEN
999 _c60795
_d60795